| 000 | 00671nam a2200217 4500 | ||
|---|---|---|---|
| 001 | 116203 | ||
| 003 | ES-MaACL | ||
| 005 | 20230906190646.0 | ||
| 007 | t| | ||
| 008 | 061121s1981 sp r ||||1| spa d | ||
| 020 | _a84-282-0630-9 | ||
| 100 | 1 |
_aPark, Charles F. _989161 |
|
| 245 | 1 | 0 |
_aYacimientos minerales / _cCharles F. Park , Roy A. Macdiarmid , traducido por carlos José Fernández. |
| 260 |
_aBarcelona : _bOmega, _cD.L . 1981. |
||
| 300 |
_aXII, 512 p. : _bil ; _c23 cm. |
||
| 500 | _aIndice. | ||
| 504 | _aBibliografía. | ||
| 700 | 1 |
_aMacdiarmid, Roy A. _975100 |
|
| 700 | 1 |
_aFernández, Carlos José. _949346 |
|
| 852 |
_aES-MaACL _jL-12004 _bR.114315 |
||
| 999 |
_c116203 _d116203 |
||